| 000 | 00772cab a2200229 4500 | ||
|---|---|---|---|
| 001 | L135838 | ||
| 008 | 061213n2006 000 0 eng u | ||
| 035 | _a(Sirsi) u135838 | ||
| 041 | 0 | _aeng | |
| 100 | 1 | _aWillis, Ben | |
| 245 | 0 | 4 | _aThe Thames Gateway 2006-2007 |
| 260 | _c2006 | ||
| 520 | _aCovers aspects of the Thames Gateway development including the building projects, sustainable development, the possible uses of environmental technologies and economic regeneration boosted by the 2012 Olympic games. | ||
| 650 | 2 | 4 | _aOLYMPIC GAMES 2012 |
| 651 | 4 | _aTHAMES GATEWAY | |
| 690 | _aPROPERTY-PROPERTY MANAGEMENT-REGENERATION | ||
| 700 | 1 | _aWatson, Stuart | |
| 700 | 1 | _aRowe, Mark | |
| 700 | 1 | _aLandor, Jeremy | |
| 700 | 1 | _aAlexander, Anthony | |
| 942 | _n0 | ||
| 999 |
_c78029 _d78029 |
||